000 nam a22 a 4500
999 _c4090
_d4090
005 20170525105613.0
008 170525b my ||||| |||| 00| 0 eng d
040 _aAKMAL
082 _a915.95 MAL
090 _a915.95
_bMAL
245 _aMalacca Malaysia
_bHistoric Mice Destination /
300 _ccm
942 _2ddc
_cBOOK